书目信息 |
| 题名: |
世界室外装饰设计资料集 11
|
|
| 作者: | 张景然 主编 | |
| 分册: | ||
| 出版信息: | 北京 中国建筑工业出版社 1992.02 |
|
| 页数: | 240页 | |
| 开本: | 16开 | |
| 丛书名: | ||
| 单 册: | ||
| 中图分类: | TU238.3 | |
| 科图分类: | ||
| 主题词: | 建筑设计 | |
| 电子资源: | ||
| ISBN: | 7-112-02148-0 | |
| 000 | 00612nam0 2200193 45 | |
| 001 | 0012081402 | |
| 005 | 20001208144756.8 | |
| 010 | @a7-112-02148-0@d全套四册:298.00元 | |
| 100 | @a20001208d1992 km y0chiy0120 ea | |
| 101 | 0 | @achi |
| 105 | @a z 000yy | |
| 200 | 1 | @a世界室外装饰设计资料集 11@AShi Jie Shi Wai Zhuang Shi She Ji Zi Liao Ji 11@f张景然等主编@FZhang Jing Ran Deng Zhu Bian |
| 210 | @a北京@c中国建筑工业出版社@d1992.02 | |
| 215 | @a240页@d16开 | |
| 606 | 0 | @a建筑设计 |
| 690 | @aTU238.3@v3 | |
| 701 | 0 | @a张景然@4主编 |
| 801 | @aCN@bPftUser@c20001208 | |
| 905 | @dTU238.3@eZH707:11@b517303-312@f10 | |
| 世界室外装饰设计资料集 11/张景然等主编.-北京:中国建筑工业出版社,1992.02 |
| 240页;16开 |
| ISBN 7-112-02148-0:全套四册:298.00元 |
| ● |
| 相关链接 |
|
|
|
正题名:世界室外装饰设计资料集11
索取号:TU238.3/ZH707:11
 
预约/预借
| 序号 | 登录号 | 条形码 | 馆藏地/架位号 | 状态 | 备注 |
| 1 | 517303 | 205173033 | 建筑库101/101建筑库 57排4列1层/ [索取号:TU238.3/ZH707:11] | 在馆 | |
| 2 | 517304 | 205173042 | 自科二线404/404自科库 25排3列3层/ [索取号:TU238.3/ZH707:11] | 在馆 | |
| 3 | 517305 | 205173051 | 建筑与城市规划学院资料室/101建筑库 29排4列4层/ [索取号:TU238.3/ZH707:11] | 在馆 | |
| 4 | 517306 | 205173060 | 建筑与城市规划学院资料室/101建筑库 29排4列4层/ [索取号:TU238.3/ZH707:11] | 在馆 | |
| 5 | 517307 | 205173079 | 自科二线404/404自科库 25排3列3层/ [索取号:TU238.3/ZH707:11] | 在馆 | |
| 6 | 517308 | 205173088 | 自科二线404/404自科库 25排3列3层/ [索取号:TU238.3/ZH707:11] | 在馆 | |
| 7 | 517309 | 205173097 | 建筑库101/101建筑库 57排4列1层/ [索取号:TU238.3/ZH707:11] | 在馆 | |
| 8 | 517310 | 205173104 | 建筑库101/101建筑库 57排4列2层/ [索取号:TU238.3/ZH707:11] | 在馆 | |
| 9 | 517311 | 205173113 | 建筑库101/101建筑库 57排1列3层/ [索取号:TU238.3/ZH707:11] | 在馆 | |
| 10 | 517312 | 205173122 | 建筑库101/101建筑库 57排4列2层/ [索取号:TU238.3/ZH707:11] | 在馆 |